| 000 | 00392nam a2200157Ia 4500 | ||
|---|---|---|---|
| 008 | 230524s9999 xx 000 0 und d | ||
| 082 |
_a621.38 _bBOL |
||
| 100 | _aW.Bolton | ||
| 245 | 0 | _aIndustrial Control and Instrumentation | |
| 250 | _a1ST | ||
| 260 |
_aNEW DELHI _bUniversity Press _c2004 |
||
| 300 | _aVII;194 | ||
| 500 | _aQuantity Number: 2 | ||
| 650 | _aElectrical | ||
| 942 | _cBK | ||
| 999 |
_c31675 _d31675 |
||